Improving coastal access (Record no. 106507)

MARC details
000 -LEADER
fixed length control field 01513cam a2200229 4500
001 - CONTROL NUMBER
control field L136795
008 - FIXED-LENGTH DATA ELEMENTS--GENERAL INFORMATION
fixed length control field 070223n2007 000 0 eng u
035 ## - SYSTEM CONTROL NUMBER
System control number (Sirsi) u136795
041 0# - LANGUAGE CODE
Language code of text/sound track or separate title eng
050 ## - LIBRARY OF CONGRESS CALL NUMBER
Classification number 333.9164 $2 18
110 2# - MAIN ENTRY--CORPORATE NAME
Corporate name or jurisdiction name as entry element Natural England
9 (RLIN) 5071
245 00 - TITLE STATEMENT
Title Improving coastal access
Medium [electronic resource]
260 ## - PUBLICATION, DISTRIBUTION, ETC.
Date of publication, distribution, etc. 2007
505 2# - FORMATTED CONTENTS NOTE
Formatted contents note Purpose -- Recommendations -- Background -- Summary findings from our evidence gathering -- The opportunity for Government -- Proposed strategic conclusions -- Primary legislation will be need to meet the Government's access aims -- Complementary work to improve to improve environmental interest on the coast -- Annex one The Government's published outcomes and assessment criteria -- Annex two Facts about current coastal access and coastal change -- Annex three Summary report of work in four selected study areas -- Annex four Summary report of market research -- Annex five Summary report of coastal access in other countries -- Annex six Summary report on costs of coastal access.
520 ## - SUMMARY, ETC.
Summary, etc. Summarises the evidence base underpinning Natural England's advice to Government on improving coastal access in England.
590 ## - LOCAL NOTE (RLIN)
Local note KA NTK
590 ## - LOCAL NOTE (RLIN)
Local note KA
651 #4 - SUBJECT ADDED ENTRY--GEOGRAPHIC NAME
Geographic name England
Chronological subdivision 886-
690 ## - LOCAL SUBJECT ADDED ENTRY--TOPICAL TERM (OCLC, RLIN)
Topical term or geographic name as entry element PROPERTY-RURAL AND NATURAL ASSETS-RURAL AND NATURAL ASSET MANAGEMENT-COASTAL MANAGEMENT
856 40 - ELECTRONIC LOCATION AND ACCESS
Uniform Resource Identifier <a href="https://www.naturalengland.org.uk/press/releases2007/210207.htm">https://www.naturalengland.org.uk/press/releases2007/210207.htm</a>
Public note View the paper free of charge at www.naturalengland.org.uk...
942 ## - ADDED ENTRY ELEMENTS (KOHA)
Suppress in OPAC 0
Holdings
Withdrawn status Lost status Source of classification or shelving scheme Damaged status Not for loan Home library Current library Shelving location Date acquired Total Checkouts Full call number Barcode Date last seen Copy number Price effective from Koha item type
    Dewey Decimal Classification     Virtual Virtual Online 23/02/2007   ONLINE PUBLICATION 136795-1001 06/08/2019 1 06/08/2019 Book